[Event "Tournament"]
[Site "Copenhagen (Denmark)"]
[Round "0"]
[White "Petrosian Tigran V (ARM)"]
[Black "Larsen Bent (DEN)"]
[Result "1-0"]
[WhiteElo "2580"]
[BlackElo "2415"]

1.Nf3 d6 2.d4 Nf6 3.c4 Bg4 4.Nc3 Nbd7 5.e4 e5 6.Be2 Be7 7.Be3 O-O 8.O-O Bh5
9.Nd2 exd4 10.Bxd4 Bxe2 11.Qxe2 Re8 12.f4 Bf8 13.Rad1 a6 14.Qf3 c6 15.g4 Nc5
16.Bxc5 dxc5 17.e5 Nd7 18.Nde4 Qc7 19.Rd3 Rad8 20.Rfd1 Nb6 21.b3 Nc8 22.g5 Be7
23.Qh5 Rxd3 24.Rxd3 Rd8 25.Nf6+ gxf6 26.Rh3 Kf8 27.Qxh7 Ke8 28.g6 Bf8 29.g7
Bxg7 30.Qxg7 Qe7 31.Ne4 Rd1+ 32.Kf2 f5 33.Nf6+ Kd8 34.Rh8+ {#r} 1-0

[Event "Olympiad"]
[Site "Leipzig (Germany)"]
[Round "4"]
[White "Kluger Gyula (HUN)"]
[Black "Petrosian Tigran V (ARM)"]
[Result "0-1"]
[WhiteElo "2250"]
[BlackElo "2580"]

1.d4 Nf6 2.Nf3 d6 3.c4 Bg4 4.Nc3 g6 5.e4 Bxf3 6.gxf3 c6 7.Be3 e6 8.f4 Nbd7
9.Bg2 Qc7 10.O-O Be7 11.Rc1 O-O 12.Kh1 Nh5 13.f5 exf5 14.exf5 Ndf6 15.Rg1 Kh8
16.Qf3 Rae8 17.b4 Ng7 18.Bh3 Rg8 19.d5 Ngh5 20.fxg6 fxg6 21.Be6 Rgf8 22.Qh3 c5
23.a3 cxb4 24.Nb5 Qa5 25.axb4 Qxb4 26.Nc7 Rd8 27.Bg4 Nxg4 28.Rxg4 Rf5 29.Ne6
Rc8 30.Qf1 b6 31.Rb1 Qa4 32.Ra1 Qd7 33.Qg2 Bf6 34.Rg1 Qf7 35.Nd4 Bxd4 36.Bxd4+
Kg8 37.Be3 Nf4 38.Qf1 Re8 39.Qd1 Nh3 40.Re1 Rxe3 {#R} 0-1

[Event "Memorial G.Maroczy"]
[Site "Budapest (Hungary)"]
[Round "0"]
[White "Kluger Gyula (HUN)"]
[Black "Bilek Istvan (HUN)"]
[Result "1/2-1/2"]
[WhiteElo "2250"]
[BlackElo "2375"]

1.Nf3 Nf6 2.c4 d6 3.d4 Bg4 4.Nc3 c6 5.e4 e5 6.d5 Be7 7.Be2 O-O 8.Be3 a6 9.O-O
Qc7 10.Rc1 c5 11.Ne1 Bxe2 12.Qxe2 Nbd7 13.a4 Qb8 14.Nd3 Bd8 15.g4 h6 16.f3 Nh7
17.Qf2 Ba5 18.h4 Qd8 19.Kg2 Qe7 20.Qg3 Kh8 21.Rh1 Rab8 22.Na2 Nhf6 23.Rc2 Qd8
24.Rb1 Qe8 25.Rh1 Qd8 26.Kf2 Qe8 {#d} 1/2-1/2

[Event "It"]
[Site "Zevenaar (Netherlands)"]
[Round "9"]
[White "Lehmann Heinz G (GER)"]
[Black "Bouwmeester Hans (NED)"]
[Result "1/2-1/2"]
[WhiteElo "2285"]
[BlackElo "2343"]

1.d4 Nf6 2.c4 d6 3.Nf3 Bg4 4.e3 g6 5.Be2 Bg7 6.b3 O-O 7.Bb2 Nfd7 8.h3 Bxf3
9.Bxf3 Nc6 10.O-O e5 11.Bxc6 bxc6 12.dxe5 dxe5 13.Nc3 Qe7 14.Qd2 Rfd8 15.Rad1
a5 16.Qc2 f5 17.Rd2 e4 18.Rfd1 Ne5 19.Rxd8+ Rxd8 20.Rxd8+ Qxd8 21.Na4 Qg5
22.Kf1 Nd3 23.Bxg7 Kxg7 24.Qc3+ Qf6 25.Ke2 Qxc3 26.Nxc3 Kf6 27.f3 Ke5 28.fxe4
fxe4 29.Kd2 g5 30.Ne2 c5 31.Nc3 c6 32.Ne2 h5 33.Ng3 h4 34.Nf1 Nb4 35.a3 Nd3
36.Nh2 Ke6 {#d} 1/2-1/2

[Event "Ch DDR"]
[Site "Aschersleben (Germany)"]
[Round "1"]
[White "Kahn Manfred (GER)"]
[Black "Malich Burkhard Dr (GER)"]
[Result "0-1"]
[WhiteElo "2139"]
[BlackElo "2347"]

1.d4 Nf6 2.c4 d6 3.Nf3 Bg4 4.Qb3 Qc8 5.Nc3 g6 6.h3 Bxf3 7.exf3 Bg7 8.Be2 O-O
9.O-O Nc6 10.Be3 e5 11.dxe5 dxe5 12.Rfd1 Nd7 13.Nd5 Re8 14.Qa3 Qd8 15.f4 Nd4
16.Bd3 e4 17.Bxd4 Bxd4 18.Bf1 c5 19.Rab1 Nf6 20.Ne3 Qc7 21.g3 Rad8 22.Bg2 h5
23.h4 b6 24.Qb3 Rd6 25.Qc2 Bxe3 26.fxe3 Red8 27.Rxd6 Qxd6 28.Bxe4 Qe7 29.Bd5
Qxe3+ 30.Kg2 Nxd5 31.cxd5 Rxd5 32.Rd1 Rd4 33.Rxd4 cxd4 34.Qf2 Qe4+ 35.Kf1 Kf8
36.a3 Ke7 37.Kg1 Ke6 38.Qd2 Qe3+ 39.Qxe3+ dxe3 40.Kf1 Kf5 41.Ke2 Kg4 {#R} 0-1

[Event "Ch Moscow"]
[Site "Moscow (Russia)"]
[Round "5"]
[White "Volovich Anatoly A (USA)"]
[Black "Vasiukov Evgeni (RUS)"]
[Result "1-0"]
[WhiteElo "2375"]
[BlackElo "2455"]

1.d4 Nf6 2.c4 d6 3.Nf3 Bg4 4.Nc3 g6 5.Bg5 h6 6.Bf4 Bg7 7.Qd2 Nbd7 8.e4 c5 9.d5
Bxf3 10.gxf3 a6 11.Be3 Ne5 12.Be2 b5 13.cxb5 axb5 14.Bxb5+ Kf8 15.Qe2 Kg8
16.f4 Ned7 17.O-O Kh7 18.Kh1 Qc7 19.Rg1 Rhb8 20.Rad1 Ra5 21.a4 Nb6 22.b3 Qb7
23.Qc2 Nbd7 24.Rg2 Kh8 25.Rdg1 Rg8 26.Bd2 Qb8 27.Re1 Ra7 28.Qd3 Nh7 29.Qh3
Ndf8 30.Reg1 Rb7 31.f5 g5 32.f4 f6 33.Qh5 Qc7 34.h4 Nd7 35.hxg5 fxg5 36.fxg5
hxg5 37.Bxd7 {#r} 1-0

[Event "Ch World (juniors) (under 20)"]
[Site "Barcelona (Spain)"]
[Round "3"]
[White "Farago Ivan (HUN)"]
[Black "Bronstein Luis (ARG)"]
[Result "1-0"]
[WhiteElo "2488"]
[BlackElo "2349"]

1.d4 Nf6 2.c4 d6 3.Nf3 Bg4 4.Nc3 c6 5.e4 Nbd7 6.Be2 e5 7.Be3 Be7 8.O-O Qc7
9.Nd2 Bxe2 10.Qxe2 O-O 11.g3 Rfe8 12.f4 Bf8 13.Qf3 a6 14.g4 exf4 15.Bxf4 h6
16.c5 Qa5 17.cxd6 Qb4 18.Nb3 c5 19.dxc5 Nxc5 20.e5 Nxb3 21.axb3 Qc5+ 22.Kh1
Nd7 23.Qxb7 Nxe5 24.Bxe5 Ra7 25.d7 Rxe5 26.Qxa7 Qc6+ 27.Kg1 Bc5+ 28.Rf2 Bxa7
29.d8=Q+ Re8 30.Qd5 Qc8 31.Qxf7+ Kh8 32.Qxa7 {#r} 1-0

[Event "Ch Europe (team)"]
[Site "Hamburg (Germany)"]
[Round "0"]
[White "Udovcic Mijo (YUG)"]
[Black "Kestler Hans-Guenther (GER)"]
[Result "1-0"]
[WhiteElo "2460"]
[BlackElo "2323"]

1.d4 Nf6 2.c4 d6 3.Nf3 Bg4 4.e3 Nbd7 5.Be2 g6 6.O-O Bg7 7.h3 Bxf3 8.Bxf3 c6
9.Nc3 O-O 10.b3 Re8 11.e4 a5 12.Be3 Qc7 13.Qd2 Red8 14.g3 e5 15.d5 Nc5 16.Bg2
Nh5 17.Rad1 Bf8 18.g4 Nf4 19.Bxf4 exf4 20.Qxf4 Bg7 21.Qe3 Qb6 22.Ne2 a4
23.dxc6 bxc6 24.Nd4 axb3 25.Nxb3 Ra3 26.Rd3 Bh6 27.f4 Rb8 28.Rxd6 Bf8 29.Rd2
Qa6 30.f5 Nxb3 31.axb3 Raxb3 32.Qf4 Qxc4 33.Rd7 Bg7 34.fxg6 hxg6 35.Rxf7 Rb1
36.Rd7 Rxf1+ 37.Bxf1 Qc5+ 38.Qf2 Qe5 39.Bc4+ {#r} 1-0

[Event "It"]
[Site "Venice (Italy)"]
[Round "0"]
[White "Lengyel Levente (HUN)"]
[Black "Schmid Lothar (GER)"]
[Result "1/2-1/2"]
[WhiteElo "2293"]
[BlackElo "2530"]

1.d4 Nf6 2.c4 d6 3.Nf3 Bg4 4.Nc3 c6 5.e4 Nbd7 6.Be2 e5 7.Be3 Be7 8.O-O O-O
9.d5 Ne8 10.Qb3 Qc7 11.Nd2 Bxe2 12.Nxe2 h6 13.g3 Nef6 14.h3 a6 15.Rac1 Rfb8
16.Nc3 Qc8 17.Kh2 c5 18.a4 Bd8 19.f4 Ba5 20.Rb1 Qd8 21.Qc2 Qe7 22.f5 Bxc3
23.bxc3 Kf8 24.Nf3 Ke8 25.g4 Kd8 26.a5 Kc7 27.Rb2 Kc8 28.g5 hxg5 29.Nxg5 Kc7
30.Rfb1 Ra7 31.Qa4 Kc8 32.Qd1 Kc7 33.Qa4 Kc8 34.Rg1 Kc7 35.Qc2 Raa8 36.Nf3 Qf8
37.Qb1 Nh5 38.Rb6 Kc8 39.Rb3 Qd8 40.Ng5 Qe7 41.Rg2 Ndf6 42.Qf1 {#d} 1/2-1/2

[Event "Olympiad Moscow"]
[Site "?"]
[Round "0"]
[White "Khasin Abram (RUS)"]
[Black "Makarov Marat (RUS)"]
[Result "1-0"]
[WhiteElo "2390"]
[BlackElo "2523"]

1.d4 Nf6 2.c4 d6 3.Nf3 Bg4 4.Nc3 g6 5.e4 Bg7 6.Be3 O-O 7.Qd2 Nc6 8.d5 Bxf3
9.gxf3 Ne5 10.Be2 c6 11.Rc1 Rc8 12.b3 a6 13.f4 Neg4 14.Bd4 cxd5 15.e5 dxe5
16.fxe5 Bh6 17.f4 Qc7 18.Bxg4 Nxg4 19.Nxd5 Qd7 20.h3 e6 21.hxg4 exd5 22.Rxh6
dxc4 23.Rxc4 Qxg4 24.Kf2 b5 25.Rxc8 Rxc8 26.Rh1 h5 27.Be3 Kg7 28.Qe2 Qf5
29.Rc1 {#r} 1-0

[Event "Memorial Parcetic"]
[Site "Sombor (Yugoslavia)"]
[Round "6"]
[White "Masic Ljubomir (SCG)"]
[Black "Kozomara Vlado (YUG)"]
[Result "1-0"]
[WhiteElo "2254"]
[BlackElo "2370"]

1.Nf3 Nf6 2.c4 d6 3.d4 Bg4 4.Nc3 Nbd7 5.e4 e5 6.Be3 Be7 7.Be2 O-O 8.O-O c6
9.Ne1 Bxe2 10.Qxe2 Re8 11.Rd1 Qa5 12.d5 Nc5 13.Bd2 Qa6 14.Nc2 Rac8 15.b3 h6
16.g3 Bf8 17.Be1 Qb6 18.Qf3 cxd5 19.Nxd5 Nxd5 20.Rxd5 Ne6 21.Bd2 Be7 22.Be3
Qc7 23.h4 Rf8 24.Qg4 Kh7 25.h5 Qd7 26.Qf5+ g6 27.Qh3 Rg8 28.Kh2 Nc5 29.hxg6+
Rxg6 30.Bxc5 Qxh3+ 31.Kxh3 Rxc5 32.Rfd1 Rc6 33.Ne3 Ra6 34.Rb5 Rxa2 35.Rxb7 Bg5
36.Nf5 Rxf2 37.Rxf7+ Kg8 38.Rxa7 Rf3 39.Rb7 h5 40.Ra1 Kh8 41.Ra8+ Rg8 42.Rxg8+
Kxg8 43.Rg7+ {#r} 1-0

[Event "Ch OWL"]
[Site "Brakel (Germany)"]
[Round "2"]
[White "Jongsma Alexander (NED)"]
[Black "Huebner Robert Dr (GER)"]
[Result "1/2-1/2"]
[WhiteElo "2215"]
[BlackElo "2592"]

1.Nf3 Nf6 2.c4 d6 3.d4 Bg4 4.Nc3 Nbd7 5.g3 Bxf3 6.exf3 e6 7.Bg2 Be7 8.f4 c6
9.O-O O-O 10.Re1 Re8 11.a3 Nf8 12.Be3 d5 13.c5 N6d7 14.b4 Bf6 15.Qd3 b6 16.Bd2
Qc7 17.Rec1 bxc5 18.bxc5 Reb8 19.Rab1 Rxb1 20.Rxb1 Rb8 21.Ne2 Ng6 22.f5 Ngf8
23.fxe6 Nxe6 24.Bh3 Ndf8 25.Rb4 g6 {#d} 1/2-1/2

[Event "Olympiad Russia"]
[Site "Leningrad (Russia)"]
[Round "0"]
[White "Tarasov Igor (RUS)"]
[Black "Terentiev Vitaly G (RUS)"]
[Result "0-1"]
[WhiteElo "2328"]
[BlackElo "2262"]

1.d4 Nf6 2.c4 d6 3.Nf3 Bg4 4.Nc3 Nbd7 5.Nd2 e5 6.d5 Nc5 7.f3 Bc8 8.b4 Ncd7
9.e4 a5 10.bxa5 Nh5 11.g3 Rxa5 12.Nb3 Ra8 13.a4 Be7 14.Be2 g6 15.O-O Ng7
16.Be3 O-O 17.Qd2 f5 18.a5 Rf7 19.Rfc1 Nf6 20.c5 Qf8 21.Bc4 dxc5 22.Qd3 Bd6
23.Na4 fxe4 24.fxe4 Bh3 25.Naxc5 Ng4 26.Ne6 Rf2 27.Nxf8 Rg2+ 28.Kf1 Bb4 29.d6+
Kxf8 30.Rc3 Bxc3 31.Qxc3 Rc2+ 32.Kg1 Rxc3 33.a6 bxa6 34.Bd5 Re8 35.Bd2 Rf3
36.Bc4 cxd6 37.Bb4 Rf2 {#R} 0-1

[Event "?"]
[Site "URS"]
[Round "0"]
[White "Furman Semen (RUS)"]
[Black "Borisenko Georgy K (UZB)"]
[Result "0-1"]
[WhiteElo "2550"]
[BlackElo "2354"]

1.d4 Nf6 2.c4 d6 3.Nf3 Bg4 4.Qb3 Qc8 5.h3 Bxf3 6.Qxf3 e5 7.d5 Na6 8.e4 Nb4
9.Na3 Be7 10.Be2 c6 11.Bd2 a5 12.g4 h6 13.h4 Nd7 14.Kf1 Qd8 15.Qg3 Nc5 16.f3
g5 17.h5 Ncd3 18.Bxd3 Nxd3 19.Qg1 Qc7 20.Qe3 Nf4 21.Kf2 O-O 22.Rhc1 Rfc8
23.Bc3 Bd8 24.Kf1 Qb8 25.Rab1 Ra6 26.Nc2 b5 27.cxb5 Qxb5+ 28.Kf2 Bb6 {#R} 0-1

[Event "Ch Armies"]
[Site "Habana (Cuba)"]
[Round "17"]
[White "Adamski Jan (POL)"]
[Black "Vasiukov Evgeni (RUS)"]
[Result "1/2-1/2"]
[WhiteElo "2297"]
[BlackElo "2455"]

1.d4 Nf6 2.c4 d6 3.Nf3 Bg4 4.Nbd2 Nbd7 5.g3 e5 6.Qc2 c6 7.Bg2 Be7 8.b3 O-O
9.Bb2 Re8 10.O-O Bf8 11.e4 a5 12.h3 Bxf3 13.Nxf3 exd4 14.Nxd4 Nc5 15.Rfe1 a4
16.Rab1 axb3 17.axb3 Ra2 18.b4 Na4 19.Qb3 Rxb2 20.Rxb2 Nxb2 21.Qxb2 g6 22.b5
c5 23.Nc2 Nd7 24.Rd1 Bg7 25.Qb3 Qc7 26.Qd3 Bf8 27.Ne3 Nb6 28.Nd5 Nxd5 {#d}
1/2-1/2

[Event "Ch Yugoslavia"]
[Site "Novi Travnik (Yugoslavia)"]
[Round "0"]
[White "Masic Ljubomir (SCG)"]
[Black "Nikolic Stanimir (SRB)"]
[Result "1/2-1/2"]
[WhiteElo "2254"]
[BlackElo "2277"]

1.Nf3 Nf6 2.c4 d6 3.d4 Bg4 4.Nc3 Nbd7 5.Nd2 e5 6.d5 Be7 7.h3 Bh5 8.g3 Nc5
9.Qc2 Bg6 10.e4 O-O 11.b4 Na6 12.a3 c6 13.Bb2 Nc7 14.Qb3 cxd5 15.cxd5 Rc8
16.Bg2 Qd7 17.h4 Nh5 18.a4 f5 19.Bh3 Ne8 20.Nd1 Qd8 21.Ne3 fxe4 22.Bxc8 Qxc8
23.Qc4 Qd7 24.Qb5 Qc8 25.Rc1 Nc7 26.Qa5 Bd8 27.Qxa7 Nf6 28.b5 Ng4 29.Rf1 Bh5
30.Nxe4 Nh2 31.g4 Nf3+ 32.Kd1 Bxg4 33.Nxd6 Nd4+ 34.Ke1 Nf3+ 35.Kd1 Nh2+ 36.Ke1
Nf3+ {#d} 1/2-1/2

[Event "?"]
[Site "Haifa (Israel)"]
[Round "0"]
[White "Wright Daniel (ENG)"]
[Black "Pritchett Craig W (SCO)"]
[Result "1-0"]
[WhiteElo "2235"]
[BlackElo "2343"]

1.Nf3 Nf6 2.c4 d6 3.d4 Bg4 4.Nc3 Nbd7 5.g3 Bxf3 6.exf3 e5 7.d5 Be7 8.f4 O-O
9.fxe5 Nxe5 10.f4 Neg4 11.h3 Nh6 12.Bd3 Re8 13.Qf3 c6 14.Bd2 Bf8+ 15.Kf1 Nd7
16.g4 Kh8 17.Re1 Qb6 18.b3 Rxe1+ 19.Bxe1 Nc5 20.Bc2 Ng8 21.Bf2 Nf6 22.g5 Nfd7
23.Bd4 Kg8 24.h4 a5 25.h5 Qa6 26.Qg4 cxd5 27.Qf5 Ne4 28.Nxe4 dxc4 29.Nf6+ Nxf6
30.gxf6 cxb3+ 31.Bd3 g6 32.hxg6 Qc6 33.gxf7+ Kxf7 34.Rxh7+ Ke8 35.Qe6+ Kd8
36.Bb6+ {#r} 1-0

[Event "It"]
[Site "Rovinj/Zagreb (Croatia)"]
[Round "0"]
[White "Kovacevic Vladimir (SRB)"]
[Black "Petrosian Tigran V (ARM)"]
[Result "0-1"]
[WhiteElo "2217"]
[BlackElo "2580"]

1.Nf3 Nf6 2.c4 d6 3.d4 Bg4 4.Nc3 g6 5.e4 Bxf3 6.gxf3 c6 7.Be3 Nbd7 8.b4 e6
9.Rb1 Nh5 10.Be2 Qh4 11.h3 Be7 12.Qc1 O-O 13.c5 d5 14.e5 f6 15.f4 fxe5 16.fxe5
Nxe5 17.dxe5 d4 18.Bxh5 dxe3 19.Qxe3 Qxh5 20.Ne4 Qxe5 21.O-O a6 22.a4 Rad8
23.Rfd1 Rd5 24.Nc3 Qxe3 25.fxe3 Re5 26.Rd7 Bg5 27.Nd1 Rf7 28.Rxf7 Kxf7 29.Kf2
h5 30.Rb3 Bh4+ 31.Ke2 g5 32.Nb2 Rf5 33.Nc4 Rf2+ 34.Kd3 Ra2 35.Nd6+ Ke7 36.Rb1
b5 37.axb5 axb5 38.Rf1 Bf2 39.Ke4 Rb2 40.Kf3 Bh4 41.Ke4 Rxb4+ 42.Kd3 e5 43.e4
Rb3+ 44.Kc2 Rxh3 45.Rf7+ Ke6 46.Rc7 b4 47.Nb7 g4 48.Rxc6+ Kd7 49.Rh6 b3+
50.Kb2 Bf2 {#R} 0-1

[Event "Ch Denmark"]
[Site "Hjoerring (Denmark)"]
[Round "4"]
[White "Sorensen Bent (DEN)"]
[Black "Sloth Jorn (DEN)"]
[Result "1/2-1/2"]
[WhiteElo "2341"]
[BlackElo "2328"]

1.Nf3 Nf6 2.c4 d6 3.d4 Bg4 4.Nc3 g6 5.e4 Bxf3 6.gxf3 Nbd7 7.f4 e6 8.Be2 Be7
9.Be3 c6 10.Qc2 d5 11.f5 exf5 12.exf5 dxc4 13.Bxc4 Nb6 14.Bb3 Nbd5 15.O-O-O
Qd7 16.Bg5 O-O {#d} 1/2-1/2

[Event "It (b)"]
[Site "Amsterdam (Netherlands)"]
[Round "4"]
[White "Van Baarle C John (NED)"]
[Black "Jongsma Alexander (NED)"]
[Result "1/2-1/2"]
[WhiteElo "2320"]
[BlackElo "2215"]

1.d4 Nf6 2.c4 d6 3.Nf3 Bg4 4.Nc3 Nbd7 5.e4 e5 6.d5 Nc5 7.Bd3 Be7 8.Bc2 O-O
9.h3 Bh5 10.Qe2 c6 11.Bd2 Ne8 12.g4 Bg6 13.O-O-O cxd5 14.Nxd5 Nc7 15.h4 Nxd5
16.cxd5 h6 17.Rdg1 Rc8 18.Kb1 Bh7 19.h5 Bg5 20.Nxg5 hxg5 21.Rh3 f6 22.Ra3 a6
23.Rc1 Qe7 24.f3 g6 25.hxg6 Bxg6 26.Rc3 a5 27.Ba4 Kg7 28.Be3 b6 29.Bb5 Rh8
30.a3 Rh3 31.b4 axb4 32.axb4 Ra8 33.bxc5 Qa7 34.Qb2 bxc5 35.Be2 Rh2 36.R1c2
Rh1+ 37.Bc1 Be8 38.Ra3 Ba4 39.Rxa4 Qxa4 40.Bc4 Rhh8 41.Rc3 Rhb8 42.Bb3 {#d}
1/2-1/2

[Event "Ch Brazil"]
[Site "Florianopolis (Brasil)"]
[Round "4"]
[White "Macedo Maximo Valerio (BRA)"]
[Black "Trois Francisco R T (BRA)"]
[Result "0-1"]
[WhiteElo "2070"]
[BlackElo "2275"]

1.d4 Nf6 2.c4 d6 3.Nf3 Bg4 4.e3 c6 5.Be2 Nbd7 6.O-O e5 7.e4 Be7 8.Nc3 O-O 9.h3
Bh5 10.Be3 Re8 11.d5 Bg6 12.dxc6 bxc6 13.c5 dxc5 14.Nd2 Rb8 15.b3 Nf8 16.Bc4
Nh5 17.Nf3 Qc7 18.g3 Kh8 19.Ng5 Bf6 20.Qc2 Nf4 21.h4 h6 22.gxf4 exf4 23.Bxc5
hxg5 24.Rad1 Rbd8 25.hxg5 Bxg5 26.f3 Ne6 27.Qh2+ Kg8 28.Bxe6 Rxe6 29.Rxd8+
Bxd8 30.Kf2 Qe5 31.Na4 Bb6 32.Rc1 Bxc5+ 33.Rxc5 Qd4+ 34.Ke1 Bxe4 35.fxe4 Rxe4+
{#R} 0-1

[Event "Zt"]
[Site "Vrnjacka Banja (Serbia)"]
[Round "7"]
[White "Hohler Peter (SUI)"]
[Black "Ciocaltea Viktor (ROM)"]
[Result "1/2-1/2"]
[WhiteElo "2183"]
[BlackElo "2470"]

1.Nf3 Nf6 2.c4 d6 3.d4 Bg4 4.Nc3 g6 5.e4 Bxf3 6.Qxf3 Nc6 7.d5 Nd4 8.Qd3 e5
9.dxe6 Nxe6 10.Be2 Bg7 11.Be3 O-O 12.O-O Re8 13.Qd2 c5 14.f3 Nd4 15.Bd3 a6
16.Ne2 Nxe2+ 17.Bxe2 d5 18.cxd5 Nxd5 19.Bf2 Nc3 20.Qc2 Nxe2+ 21.Qxe2 Qa5
22.Be1 Qb5 23.Qxb5 axb5 24.Bc3 Red8 25.Bxg7 Kxg7 26.a3 Rd3 27.Rac1 b6 28.Rc2
Ra4 29.Re1 Kf6 30.Kf2 Ke5 31.Ke2 Rad4 32.Kf2 b4 33.axb4 Rxb4 34.g3 g5 35.Kg2
Rbb3 36.Rf1 Kd4 37.f4 g4 38.Ra1 Kxe4 39.Ra7 f5 40.Rxh7 Rd5 41.Re7+ Kd4 42.h4
gxh3+ 43.Kxh3 c4 44.Kh4 b5 45.g4 {#d} 1/2-1/2

[Event "It"]
[Site "Houston (USA)"]
[Round "3"]
[White "Commons Kim S (USA)"]
[Black "Karklins Andrew (USA)"]
[Result "1/2-1/2"]
[WhiteElo "2420"]
[BlackElo "2400"]

1.Nf3 Nf6 2.d4 d6 3.c4 Bg4 4.Nc3 Bxf3 5.exf3 e6 6.Be2 Be7 7.O-O O-O 8.Be3 c6
9.b4 Nbd7 10.d5 exd5 11.cxd5 Nb6 12.dxc6 bxc6 13.Rc1 a5 14.Ne4 Nbd5 15.Rxc6
Nxe3 16.Nxf6+ Bxf6 17.fxe3 axb4 18.Bc4 Qe8 19.Qxd6 Qxe3+ 20.Kh1 Bc3 {#d}
1/2-1/2

[Event "Ch Poland"]
[Site "Zielona Gora (Poland)"]
[Round "9"]
[White "Drozd Ryszard (POL)"]
[Black "Pietrusiak Bogdan (SWE)"]
[Result "1/2-1/2"]
[WhiteElo "2249"]
[BlackElo "2165"]

1.d4 Nf6 2.c4 d6 3.Nf3 Bg4 4.e3 c6 5.Be2 Nbd7 6.h3 Bxf3 7.Bxf3 e5 8.Nc3 Be7
9.O-O O-O 10.Qb3 Qb6 11.Qxb6 Nxb6 12.b3 exd4 13.exd4 d5 14.c5 Nbd7 15.Re1 Rfe8
16.Bf4 Bf8 17.Kf1 Re6 18.b4 Rae8 19.Rxe6 Rxe6 20.Re1 Rxe1+ 21.Kxe1 {#d}
1/2-1/2

[Event "It"]
[Site "Birmingham (England)"]
[Round "10"]
[White "Webb Simon (ENG)"]
[Black "Chellstorp Craig V (USA)"]
[Result "1/2-1/2"]
[WhiteElo "2385"]
[BlackElo "2375"]

1.Nf3 d6 2.d4 Nf6 3.c4 Bg4 4.Nc3 Bxf3 5.exf3 e6 6.f4 d5 7.f5 exf5 8.Qb3 Qc8
9.cxd5 Be7 10.Be2 O-O 11.O-O Nbd7 12.Bf3 Ne8 13.Bf4 Bd6 14.Bxd6 Nxd6 15.Nb5
Nf6 16.Rac1 Qd7 17.a4 Rfc8 18.Na3 Rab8 19.Rfe1 Nde4 20.Qb5 c6 21.dxc6 bxc6
22.Qd3 Rxb2 23.Nc4 Rb4 24.Ne5 Qb7 25.a5 g6 26.Be2 Nd5 27.Qa6 Nec3 28.Qxb7
Nxe2+ 29.Rxe2 Rxb7 30.g3 Ne7 31.a6 Rb3 32.Rc5 Rc7 33.Rec2 Rb1+ 34.Kg2 Rd1 {#d}
1/2-1/2

[Event "Memorial A.Sokolsky"]
[Site "Minsk (Belarus)"]
[Round "0"]
[White "Mochalov Evgeny V (BLR)"]
[Black "Dydyshko Viacheslav (BLR)"]
[Result "1-0"]
[WhiteElo "2379"]
[BlackElo "2512"]

1.Nf3 Nf6 2.c4 d6 3.d4 Bg4 4.Qb3 Qc8 5.h3 Bh5 6.g4 Bg6 7.Bg2 Nc6 8.Nc3 e6
9.Be3 Be7 10.Nh4 O-O 11.Nxg6 hxg6 12.Qc2 e5 13.dxe5 dxe5 14.O-O-O Nb4 15.Qb3
c6 16.g5 Nh5 17.Bf3 Qc7 18.Bxh5 gxh5 19.g6 Na6 20.gxf7+ Rxf7 21.Ne4 b6 22.Rhg1
Rd8 23.Rxd8+ Qxd8 24.Qc3 Rf5 25.Ng3 Nb4 26.Kb1 Qf8 27.a3 h4 28.Nxf5 Qxf5+
29.Ka1 Nc2+ 30.Ka2 Nd4 31.Bxd4 exd4 32.Qxd4 Bf6 33.e4 Qe6 34.e5 Bxe5 35.Re1
Bxd4 36.Rxe6 Bxf2 37.Rxc6 Bg3 38.b4 Kf7 39.Kb3 g5 40.Kc2 Kg7 41.Kd3 g4 42.hxg4
h3 43.g5 {#r} 1-0

[Event "?"]
[Site "Orense (Spain)"]
[Round "0"]
[White "Keene Raymond D (ENG)"]
[Black "Larsen Bent (DEN)"]
[Result "1/2-1/2"]
[WhiteElo "2505"]
[BlackElo "2625"]

1.Nf3 d6 2.d4 Nf6 3.c4 Bg4 4.Qb3 Qc8 5.h3 Bxf3 6.Qxf3 g6 7.g3 Bg7 8.Bg2 Nc6
9.e3 O-O 10.Nc3 e5 11.dxe5 dxe5 12.Nd5 Nd7 13.h4 f5 14.e4 Rf7 15.h5 Nd4 16.Qd1
Nc5 17.hxg6 hxg6 18.Bg5 Nxe4 19.Ne7+ Rxe7 20.Bxe7 Qe6 21.Ba3 Qxc4 22.Rc1 Qb5
23.Rh4 Rd8 24.Rxe4 fxe4 25.Bxe4 Qa5+ 26.Kf1 Bf8 27.Qg4 Qa6+ 28.Kg2 Bxa3
29.bxa3 Qe6 30.Qg5 Rd7 31.Bxg6 Kf8 32.Be4 Qe7 33.Qh5 Qf6 34.Rc5 Rf7 35.f3 Re7
36.Bxb7 c6 37.Ba6 Nf5 38.Bd3 Ne3+ 39.Kf2 e4 40.Be2 Nd5 41.Rc4 Re6 42.Qh4 e3+
43.Kg2 Qxh4 44.Rxh4 Ke7 45.Rc4 Kd6 46.f4 Re8 47.Rc2 Re4 48.Rc4 {#d} 1/2-1/2

[Event "Memorial J.Capablanca (c)"]
[Site "Cienfuegos (Cuba)"]
[Round "11"]
[White "Fraguela Gil Jose M (ESP)"]
[Black "Valdes-Castillo Arnaldo (CUB)"]
[Result "1/2-1/2"]
[WhiteElo "2380"]
[BlackElo "2231"]

1.d4 Nf6 2.c4 d6 3.Nf3 Bg4 4.Qb3 Qc8 5.h3 Bxf3 6.Qxf3 Nc6 7.e3 e5 8.Qd1 g6
9.Be2 Bg7 10.O-O O-O 11.Nc3 Re8 12.Bf3 Qd7 13.b3 Rab8 14.Bb2 a6 15.dxe5 Nxe5
16.Be2 Qd8 17.Qc2 {#d} 1/2-1/2

[Event "Ch URS (1 liga)"]
[Site "Baku (Azerbaijan)"]
[Round "4"]
[White "Rashkovsky Nukhim N (RUS)"]
[Black "Pereszupkin Alexander (RUS)"]
[Result "1/2-1/2"]
[WhiteElo "2510"]
[BlackElo "2395"]

1.Nf3 Nf6 2.c4 d6 3.d4 Bg4 4.g3 Bxf3 5.exf3 c6 6.Nc3 d5 7.c5 g6 8.Bh3 Bg7
9.O-O O-O 10.Re1 b6 11.b4 a5 12.Na4 Nbd7 13.Bd2 b5 14.Nb2 Nh5 15.Bc3 axb4
16.Bxb4 e6 17.Re2 Qf6 18.Rd2 Nb8 19.Bg4 Na6 20.a3 Nxb4 21.axb4 e5 22.Rxa8 Rxa8
23.Bxh5 gxh5 24.dxe5 Qxe5 25.Kg2 h4 26.Nd3 Qe6 27.g4 Ra1 28.Qe2 Qxe2 29.Rxe2
Kf8 30.f4 Bd4 31.f5 h3+ 32.Kxh3 Ra3 33.Rd2 Bc3 34.Rd1 Bxb4 35.Kg2 Bc3 36.Rb1
h6 37.h4 Ra4 38.f4 f6 39.Rb3 d4 40.g5 Ra2+ 41.Kf3 Rh2 42.Kg4 Rg2+ 43.Kf3 Rh2
44.Kg4 Rg2+ {#d} 1/2-1/2

[Event "Ch Poland"]
[Site "Piotrkow Trybunalski (Poland)"]
[Date "1977.02.17"]
[Round "4"]
[White "Schmidt Wlodzimierz (POL)"]
[Black "Adamski Andrzej (POL)"]
[Result "1/2-1/2"]
[WhiteElo "2490"]
[BlackElo "2255"]

1.Nf3 d6 2.d4 Nf6 3.c4 Bg4 4.Qb3 Qc8 5.g3 Nc6 6.d5 Nd8 7.h3 Bd7 8.Bg2 g6 9.Nc3
Bg7 10.e4 e5 11.c5 O-O 12.Be3 Ne8 13.Rc1 f5 14.c6 bxc6 15.dxc6+ Be6 16.Nd5
Bxd5 17.Qxd5+ Kh8 18.exf5 gxf5 19.O-O a5 20.Nh4 Nf6 21.Qd3 Ng8 22.Rc4 e4
23.Qd2 Qe6 24.Rfc1 d5 25.Rc5 Ne7 26.Bf1 {#d} 1/2-1/2

[Event "It \"]
[Site "Greece"]
[Round "5"]
[White "Spassov Liuben (BUL)"]
[Black "Trikaliotis Georgios (GRE)"]
[Result "1/2-1/2"]
[WhiteElo "2450"]
[BlackElo "2247"]

1.Nf3 Nf6 2.c4 d6 3.d4 Bg4 4.e3 Nbd7 5.Be2 c6 6.Nc3 e6 7.O-O Be7 8.e4 Qc7
9.Ne1 Bxe2 10.Qxe2 e5 11.d5 O-O 12.Nd3 Nb6 13.b3 Nfd7 14.Bd2 Bf6 15.Rfc1 Qd8
16.Nd1 c5 17.Rc2 Bg5 18.Be1 g6 19.b4 Na4 20.a3 Rc8 21.Rb1 Qe7 22.N1b2 Nxb2
23.Rbxb2 b6 24.a4 f5 25.f3 Rf7 26.a5 Rcf8 27.bxc5 dxc5 28.axb6 axb6 29.Bc3 Bf6
30.Rb1 Qd6 31.Ra2 g5 32.Ra3 f4 33.Ra7 h5 34.Qb2 g4 35.Qb5 Rg7 36.Kh1 Rc8
37.Qa6 Qf8 38.Ra1 Kh7 39.Ra8 Rxa8 40.Qxa8 Qf7 41.Qa2 {#d} 1/2-1/2

[Event "Ch Australia"]
[Site "Perth (Australia)"]
[Round "5"]
[White "Kellner John Vincent"]
[Black "Shaw Terrey I (AUS)"]
[Result "1-0"]
[WhiteElo "2140"]
[BlackElo "2385"]

1.d4 Nf6 2.c4 d6 3.Nf3 Bg4 4.Qb3 Bxf3 5.gxf3 Qc8 6.e4 e5 7.d5 g6 8.Nc3 Bg7
9.Be3 O-O 10.h4 Nbd7 11.Bh3 Rb8 12.Bxa7 Ra8 13.Be3 b6 14.Qb5 Qd8 15.Bxd7 Nxd7
16.h5 Nc5 17.Ke2 f5 18.hxg6 fxe4 19.gxh7+ Kh8 20.fxe4 Qf6 21.Rag1 Qf3+ 22.Kd2
Rf7 23.Rh4 Raf8 24.b4 Rf4 25.Rxg7 Rxh4 26.Rg8+ Kxh7 27.Rxf8 Qxf8 28.bxc5 dxc5
29.Qd7+ Qg7 30.Qxg7+ Kxg7 31.Nb5 Rxe4 32.Nxc7 Rxc4 33.d6 Kf7 34.d7 Ke7 35.Nd5+
{#r} 1-0

[Event "Ch Yugoslavia"]
[Site "Bjelovar (Croatia)"]
[Round "13"]
[White "Nemet Ivan (SUI)"]
[Black "Vukic Milan (BIH)"]
[Result "1/2-1/2"]
[WhiteElo "2470"]
[BlackElo "2485"]

1.d4 Nf6 2.Nf3 d6 3.c4 Bg4 4.Nc3 Nbd7 5.g3 Bxf3 6.exf3 c6 7.f4 e6 8.d5 exd5
9.cxd5 c5 10.Bg2 Be7 11.O-O O-O 12.Re1 Re8 13.b3 Qa5 14.Bd2 b5 15.Qc2 a6 16.a4
b4 17.Nd1 Bf8 18.Ne3 Rac8 19.Nc4 Qc7 20.a5 {#d} 1/2-1/2